Дело о награждении лиц за подвиги человеколюбия за майскую треть 1846 года

Доступно только в Электронных читальных залах Найти на картеНа карте
RUSMARC
00003725nmc2a2200000 x 450
001a71a72ba-cd99-42cf-b01a-3cc28591a7d4
00520171116205705.0
100##$a20160824l18461848k l0rusy0189 ca
1010#$arus
102##$aRU
2001#$aДело о награждении лиц за подвиги человеколюбия за майскую треть 1846 года
$j2 января 1846 г. - 13 мая 1848 г.
$hЧасть 2
251##$cДело
300##$aДело
801#0$aRU
$bРГИА
$c20160824
$gRCR
801#1$aRU
$bГлавНИВЦ
$c20160824
$2rusmarc
801#2$aRU
$bПБ им. Б.Н. Ельцина
$c20171116
$gRCR
$2rusmarc
850##$aРГИА
852##$aРГИА
$eФедеральное казенное учреждение "Российский государственный исторический архив" (РГИА)
$j769
$lб
937##$hРГИА
$d12206015
$aASBIBLIO_SCAN
462#0$1001a27eaba9-7cb9-40a7-a26f-8911768d1c13
$12001
$a1846-1847 гг. Дела Департамента полиции исполнительной за 1846 г.
$1251
$cОпись
$1852
$j10
461#0$10013e300ed0-cd39-49af-8489-5ba5b90fa401
$12001
$aДепартамент полиции исполнительной МВД
$1251
$cФонд
$1852
$j1286
215##$a333 л.
$d36,5х26 см
371##$aДокумент не является опубликованным и широко распространяемым
105##$ay###
1222#$ad
035##$aa71a72ba-cd99-42cf-b01a-3cc28591a7d4
856##$uhttp://readingroom.main.prlib.ru/item.aspx?id_node=n109148680&mode=full
Формат отображения